Management a merketing v otázkach /

Gespeichert in:
Bibliographische Detailangaben
1. Verfasser: Kerekeš, Juraj (Verfasst von)
Format: Buch
Sprache:Slowakisch
Veröffentlicht: Bratislava : Ústav ekonomiky a organizácie stavebníctva, 1993
Ausgabe:l.vyd.
Tags: Tag hinzufügen
Keine Tags, Fügen Sie das erste Tag hinzu!

MARC

LEADER 00000nam a22000003a 4500
001 stu32481
005 20150617225731.9
008 951013s1993----xo------------------slo-d
040 |a STU  |b slo 
041 0 |a slo 
044 |a xo 
080 |a 65.012.4 
080 |a 339.13 
100 1 |a Kerekeš, Juraj  |4 aut 
245 1 |a Management a merketing v otázkach /  |c [aut.] Kerekeš,Juraj 
250 |a l.vyd. 
260 |a Bratislava :  |b Ústav ekonomiky a organizácie stavebníctva,  |c 1993 
300 |a 61 s 
996 |b J89705  |c J*89705  |l JJK3  |s P  |a 0  |w stu32481_0001